| 000 | 004470000a22001810004500 | ||
|---|---|---|---|
| 003 | MACL | ||
| 005 | 20151027131725.0 | ||
| 008 | 151027b xxu||||| |||| 00| 0 eng d | ||
| 040 |
_aMACL _cMACL |
||
| 041 | _aEnglish | ||
| 082 | _a954/DAN | ||
| 100 |
_aDandekar, R N _98298 |
||
| 245 | _aThe Age Of The Guptas And Other Essays | ||
| 260 |
_bAjanta Publications _c1982 _aPoona |
||
| 350 | _a135 | ||
| 650 |
_aHistory _916924 |
||
| 942 |
_cBK _k900 _2ddc |
||
| 999 |
_c5784 _d5784 |
||